Leading issues in economic development / (Record no. 3325)

000 -LEADER
fixed length control field 00580cam a22001814a 4500
020 ## - INTERNATIONAL STANDARD BOOK NUMBER
International Standard Book Number 0195179609 (pbk.)
082 00 - DEWEY DECIMAL CLASSIFICATION NUMBER
Classification number 338.9
245 00 - TITLE STATEMENT
Title Leading issues in economic development /
250 ## - EDITION STATEMENT
Edition statement 8th ed.
260 ## - PUBLICATION, DISTRIBUTION, ETC.
Place of publication, distribution, etc. New York :
Name of publisher, distributor, etc. Oxford University Press,
Date of publication, distribution, etc. 2005.
300 ## - PHYSICAL DESCRIPTION
Extent xvii, 650 p. :
Other physical details ill., maps ;
650 #0 - SUBJECT ADDED ENTRY--TOPICAL TERM
Topical term or geographic name entry element Economic development
700 1# - ADDED ENTRY--PERSONAL NAME
Personal name Meier, Gerald M.
700 1# - ADDED ENTRY--PERSONAL NAME
Personal name Rauch, James E.
856 42 - ELECTRONIC LOCATION AND ACCESS
Uniform Resource Identifier <a href="http://www.loc.gov/catdir/enhancements/fy0619/2004063638-d.html">http://www.loc.gov/catdir/enhancements/fy0619/2004063638-d.html</a>
856 42 - ELECTRONIC LOCATION AND ACCESS
Uniform Resource Identifier <a href="http://www.loc.gov/catdir/enhancements/fy0723/2004063638-b.html">http://www.loc.gov/catdir/enhancements/fy0723/2004063638-b.html</a>
942 ## - ADDED ENTRY ELEMENTS (KOHA)
Koha item type Book
Holdings
Withdrawn status Lost status Damaged status Not for loan Collection code Permanent Location Current Location Shelving location Date acquired Total Checkouts Total Renewals Full call number Barcode Date last seen Date last checked out Price effective from Koha item type
          Central Library (CL) Central Library (CL) General Stacks 06/02/2016 1 2 338.9 MEI S3H-N-1077 06/09/2022 02/03/2020 06/02/2016 Book
© 2023 Central Library, National University of Sciences and Technology. All Rights Reserved.